[Event "Lidkoping op"]
[Site "Lidkoping"]
[Date "2018.08.25"]
[Round "1"]
[White "Stolt, Hans Olof"]
[Black "Cramling, Pia"]
[Result "0-1"]
[WhiteElo "1880"]
[BlackElo "2453"]
[PlyCount "48"]
[EventDate "2018.08.25"]
[EventType "swiss"]
[EventRounds "7"]
[EventCountry "SWE"]
[SourceTitle "CBM 186 Extra"]
[Source "ChessBase"]
[SourceDate "2018.08.24"]
[SourceVersion "1"]
[SourceVersionDate "2018.08.24"]
[SourceQuality "1"]

1. e4 c5 2. Nf3 e6 3. c3 Nf6 4. e5 Nd5 5. d4 cxd4 6. cxd4 b6 7. Be2 d6 8. 0-0 Nd7 9. exd6 Bxd6 10. g3 Bb7 11. Bd2 0-0 12. Nc3 Nxc3 13. Bxc3 Nf6 14. Rc1 Rc8 15. Re1 Ne4 16. Bd3 Nxc3 17. bxc3 Ba3 18. Rc2 Bc6 19. Rc1 Bb7 20. Rb1 Bc6 21. Rc1 Bd5 22. Rc2 Bc6 23. Rd2 Bd5 24. Rc2 g6 0-1